Petrología y análisis estructural de las rocas metamórficas de la zona del cabo de Creus (prov. Gerona) / (Record no. 180532)

MARC details
000 -LEADER
campo de control de longitud fija 00797nam a2200193 i 4500
001 - NÚMERO DE CONTROL
campo de control 180532
003 - IDENTIFICADOR DE NÚMERO DE CONTROL
campo de control ES-MaACL
005 - FECHA Y HORA DE LA ÚLTIMA TRANSACCIÓN
campo de control 20230906221125.0
008 - DATOS DE LONGITUD FIJA--INFORMACIÓN GENERAL
campo de control de longitud fija 120612s1974 sp |||| | spa d
080 ## - NÚMERO DE LA CLASIFICACIÓN DECIMAL UNIVERSAL
Número de la Clasificación Decimal Universal 552.4(043.2)
100 1# - ENTRADA PRINCIPAL--NOMBRE DE PERSONA
Nombre de persona Carreras Planells, Jorge.
9 (RLIN) 150482
245 10 - MENCIÓN DEL TÍTULO
Título Petrología y análisis estructural de las rocas metamórficas de la zona del cabo de Creus (prov. Gerona) /
Mención de responsabilidad, etc. por Jorge Carreras Planells.
260 ## - PUBLICACIÓN, DISTRIBUCIÓN, ETC.
Lugar de publicación, distribución, etc. Barcelona :
Nombre del editor, distribuidor, etc. Universidad de Barcelona, Secretariado de Publicaciones, Intercambio Científico y Extensión Universitaria,
Fecha de publicación, distribución, etc. 1974.
300 ## - DESCRIPCIÓN FÍSICA
Extensión 10 p. :
Otras características físicas lám., grab. ;
Dimensiones 24 cm.
502 ## - NOTA DE TESIS
Nota de tesis Tesis-Universidad Barcelona (Extracto)
650 04 - PUNTO DE ACCESO ADICIONAL DE MATERIA--TÉRMINO DE MATERIA
Término de materia o nombre geográfico como elemento de entrada Rocas metamórficas.
9 (RLIN) 16926
710 2# - ENTRADA AGREGADA--NOMBRE DE ENTIDAD CORPORATIVA
Nombre de entidad corporativa o nombre de jurisdicción como elemento de entrada Universidad de Barcelona.
9 (RLIN) 7141
852 ## - LOCALIZACIÓN
Ubicación ES-MaACL
Número de control de estantería E-15362(115)
Holdings
Estatus retirado Estado de pérdida Estado de daño No para préstamo Biblioteca de origen Biblioteca actual Ubicación en estantería Fecha de adquisición Fuente de adquisición Total de préstamos Signatura topográfica completa Código de barras Visto por última vez Precio de reemplazo Tipo de ítem Koha
        Biblioteca del Ateneo de Madrid Biblioteca del Ateneo de Madrid Depósito 2 12/06/2012     E-15362(115) 1189699 23/02/2023 23/02/2023 Libro impreso